Účtovná a operatívno-technická evidencia

Bibliographic Details
Main Author: Švec, Ján (Author)
Format: Book
Language:Undetermined
PhysicalDescription:103 s.
Published: Prešov Agrostav 1986

MARC

LEADER 00000nam a2200000 a 4500
001 vtls001337160
003 SK-MaSNL
005 20260301005929.0
008 240314s1986 xo 0 und
035 |a SNK000290154 
040 |a SNK  |b slo  |c SNK  |e AACR2 
044 |a xo  |c SK 
100 1 |a Švec, Ján  |4 aut  |9 262158 
245 1 0 |a Účtovná a operatívno-technická evidencia 
260 |a Prešov  |b Agrostav  |c 1986 
300 |a 103 s. 
958 |a OND 
999 |c 546621  |d 548551 
952 |t P60, <04>, [BOOK], {604}  |a SNK  |b SNK  |y VYP  |7 0  |p 17A0149210  |o snkSB 47873 D1  |0 0  |1 0  |4 0  |d 1998-07-14  |l 0  |r 2005-01-02 00:00:00  |w 2026-02-23 
952 |a SNK  |b SNK  |y PREZ  |7 0  |p 17A0874035  |o snkSB 47873  |0 0  |1 0  |4 0  |d 2012-07-10  |l 0  |r 2025-02-13 00:00:00  |w 2026-02-23